Microelectronics Circuits and Devices (Record no. 193487)
[ view plain ]
| 000 -LEADER | |
|---|---|
| fixed length control field | 01053 a2200193 4500 |
| 003 - CONTROL NUMBER IDENTIFIER | |
| control field | Nust |
| 005 - DATE AND TIME OF LATEST TRANSACTION | |
| control field | 20170207154059.0 |
| 020 ## - INTERNATIONAL STANDARD BOOK NUMBER | |
| International Standard Book Number | 81-203-1135-3 |
| 040 ## - CATALOGING SOURCE | |
| Transcribing agency | Nust |
| 082 ## - DEWEY DECIMAL CLASSIFICATION NUMBER | |
| Classification number | 621.3815 |
| 100 ## - MAIN ENTRY--PERSONAL NAME | |
| Personal name | Mark n. Horentein |
| 245 ## - TITLE STATEMENT | |
| Title | Microelectronics Circuits and Devices |
| Statement of responsibility, etc. | Mark N. Horenstein |
| 250 ## - EDITION STATEMENT | |
| Edition statement | 2nd ed |
| 260 ## - PUBLICATION, DISTRIBUTION, ETC. | |
| Place of publication, distribution, etc. | New Delhi |
| Name of publisher, distributor, etc. | Printice- Hall |
| Date of publication, distribution, etc. | 1996 |
| 300 ## - PHYSICAL DESCRIPTION | |
| Extent | 1126p; |
| 505 ## - FORMATTED CONTENTS NOTE | |
| Formatted contents note | 1.Review of Linear Circuits Theory Page No 1, Operational Amplifiers Page No 37, Introduction to Nonlinear Circuits Elements Page No 107, Signal Processing and Conditioning with two Terminal Nonlinear Devices Page No 171,Three Terminal Devices Page No 235, Basic Circuits Containing Three Terminal Devices Page No 313, Analog Amplification Page No369, Differential Amplifiers Page No 477,Frequency Response and time Dependent Circuits Behavior Page No 565, Feedback and Stability Page No 661, Multistage and Power Amplifiers Page No 717, Analog Integrated Circuits Page No 767. |
| 538 ## - SYSTEM DETAILS NOTE | |
| System details note | Almirah No.25 Shelf No.2 |
| 650 ## - SUBJECT ADDED ENTRY--TOPICAL TERM | |
| Topical term or geographic name entry element | Telecommunication Engineering. |
| 942 ## - ADDED ENTRY ELEMENTS (KOHA) | |
| Koha item type | Reference |
| Withdrawn status | Lost status | Source of classification or shelving scheme | Damaged status | Not for loan | Collection code | Permanent Location | Current Location | Date acquired | Total Checkouts | Full call number | Barcode | Date last seen | Price effective from | Koha item type |
|---|---|---|---|---|---|---|---|---|---|---|---|---|---|---|
| Military College of Signals (MCS) | Military College of Signals (MCS) | 12/12/2016 | 621.3815 HOR | MCS25020 | 12/08/2016 | 12/12/2016 | Book |
